00190nam a2200073Ia 4500008004100000082001500041245003800056300002200094230907s9999||||xx |||||||||||||| ||und|| a320.6bTOO 4aThe tools of policy formulation : axvii, 301 pages ;